[Event "41st Arco Open 2019"]
[Site "Arco"]
[Date "2019.10.09"]
[Round "6"]
[White "Horvath, Csaba"]
[Black "Petrov, Nikita"]
[Result "1/2-1/2"]
[WhiteElo "2503"]
[BlackElo "2586"]
[Annotator "RC"]
[PlyCount "20"]
[EventDate "2019.10.04"]
[EventType "swiss"]
[EventCountry "ITA"]
[SourceTitle "playchess.com"]
[Source "ChessBase"]
[SourceQuality "1"]
[TimeControl "40/5400+30:1800+30"]

1. d4 {[%emt 0:00:30]} Nf6 {[%emt 0:00:30]} 2. c4 {[%emt 0:00:30]} e6 {[%emt 0:00:30]} 3. Nf3 {[%emt 0:00:30]} d5 {[%emt 0:00:00]} 4. Nc3 {[%emt 0:00:30]} Bb4 5. Bg5 {[%emt 0:00:30]} h6 {[%emt 0:01:30]} 6. Bxf6 Qxf6 {[%emt 0:00:30]} 7. e3 {[%emt 0:01:00]} O-O {[%emt 0:00:30]} 8. Rc1 dxc4 {[%emt 0:03:30]} 9. Bxc4 {[%emt 0:01:00]} c5 {[%emt 0:00:30]} 10. O-O {[%emt 0:01:30]} cxd4 {[%emt 0:01:30]} 1/2-1/2

[Event "41st Arco Open 2019"]
[Site "Arco"]
[Date "2019.10.09"]
[Round "6"]
[White "Favaloro, Andrea"]
[Black "Pasini, Nicolo"]
[Result "1/2-1/2"]
[WhiteElo "2338"]
[BlackElo "2234"]
[Annotator "RC"]
[PlyCount "63"]
[EventDate "2019.10.04"]
[EventType "swiss"]
[EventCountry "ITA"]
[SourceTitle "playchess.com"]
[Source "ChessBase"]
[SourceQuality "1"]
[TimeControl "40/5400+30:1800+30"]

1. Nf3 {[%emt 0:00:30]} Nf6 {[%emt 0:00:30]} 2. g3 {[%emt 0:00:30]} g6 {[%emt 0:00:30]} 3. b3 {[%emt 0:00:30]} b6 {[%emt 0:00:00]} 4. Bb2 {[%emt 0:00:30]} Bg7 5. Bg2 {[%emt 0:01:30]} Bb7 {[%emt 0:00:00]} 6. O-O O-O {[%emt 0:00:00]} 7. d4 {[%emt 0:04:00]} c5 {[%emt 0:00:30]} 8. dxc5 {[%emt 0:00:00]} bxc5 {[%emt 0:00:00]} 9. c4 {[%emt 0:01:00]} e6 {[%emt 0:01:00]} 10. Nc3 {[%emt 0:02:30]} Qe7 {[%emt 0:02:30]} 11. Qc2 {[%emt 0:08:30]} Nc6 12. Rac1 {[%emt 0:09:30]} Rac8 {[%emt 0:07:00]} 13. Qb1 {[%emt 0:00:30]} d6 14. Rfd1 {[%emt 0:03:30]} Rfd8 {[%emt 0:06:00]} 15. Rd2 {[%emt 0:00:00]} d5 {[%emt 0:10:30]} 16. cxd5 {[%emt 0:10:00]} exd5 {[%emt 0:00:30]} 17. Ng5 {[%emt 0:00:30]} Nd4 {[%emt 0:06:30]} 18. e3 {[%emt 0:21:30]} Nf5 {[%emt 0:32:30]} 19. Re1 {[%emt 0:03:30]} Nd6 {[%emt 0:00:00]} 20. Qa1 {[%emt 0:02:30]} h6 {[%emt 0:00:00]} 21. Nf3 {[%emt 0:03:30]} Nde4 {[%emt 0:04:30]} 22. Rdd1 {[%emt 0:03:30]} Ng4 {[%emt 0:05:30]} 23. Nxe4 {[%emt 0:01:30]} dxe4 {[%emt 0:00:30]} 24. Nd2 {[%emt 0:00:30]} Bxb2 {[%emt 0:03:30]} 25. Qxb2 {[%emt 0:01:30]} f5 {[%emt 0:00:30]} 26. Nc4 {[%emt 0:01:30]} Ba6 {[%emt 0:05:04]} 27. h3 {[%emt 0:05:50]} Nf6 {[%emt 0:00:00]} 28. Bf1 {[%emt 0:00:00]} Kg7 {[%emt 0:00:00]} 29. Qe5 {[%emt 0:00:00]} Qxe5 {[%emt 0:04:59]} 30. Nxe5 {[%emt 0:03:50]} Bxf1 {[%emt 0:00:07]} 31. Kxf1 {[%emt 0:00:00]} Nd5 {[%emt 0:00:30]} 32. Rc1 {[%emt 0:00:00]} 1/2-1/2

[Event "41st Arco Open 2019"]
[Site "Arco"]
[Date "2019.10.09"]
[Round "6"]
[White "Welling, Gerard"]
[Black "Astengo, Corrado"]
[Result "1/2-1/2"]
[WhiteElo "2302"]
[BlackElo "2105"]
[Annotator "ChessBase"]
[PlyCount "52"]
[EventDate "2019.10.04"]
[EventType "swiss"]
[EventCountry "ITA"]
[SourceTitle "playchess.com"]
[Source "ChessBase"]
[SourceQuality "1"]
[TimeControl "40/5400+30:1800+30"]

1. e4 {[%emt 0:00:30]} c5 {[%emt 0:00:30]} 2. Nf3 {[%emt 0:00:00]} e6 {[%emt 0:00:00]} 3. Be2 {[%emt 0:00:00]} Nc6 {[%emt 0:03:00]} 4. O-O {[%emt 0:00:00]} Be7 {[%emt 0:00:30]} 5. c3 {[%emt 0:04:00]} d5 {[%emt 0:01:30]} 6. exd5 Qxd5 {[%emt 0:00:30]} 7. Na3 {[%emt 0:06:00]} Bd7 {[%emt 0:01:30]} 8. d4 cxd4 {[%emt 0:02:30]} 9. Nb5 {[%emt 0:02:00]} Rc8 {[%emt 0:00:30]} 10. Nfxd4 {[%emt 0:01:30]} a6 {[%emt 0:07:30]} 11. Bf3 {[%emt 0:06:30]} Qc5 12. Nxc6 {[%emt 0:01:30]} Bxc6 {[%emt 0:06:00]} 13. Bxc6+ {[%emt 0:03:30]} Rxc6 {[%emt 0:01:30]} 14. Nd4 {[%emt 0:00:00]} Rd6 {[%emt 0:01:30]} 15. Qe2 {[%emt 0:00:00]} Nf6 {[%emt 0:03:30]} 16. Bf4 {[%emt 0:15:30]} Rd7 {[%emt 0:14:30]} 17. Rad1 {[%emt 0:04:30]} Qb6 {[%emt 0:00:00]} 18. Rfe1 {[%emt 0:01:30]} O-O {[%emt 0:00:00]} 19. Be5 {[%emt 0:10:30]} Rfd8 {[%emt 0:10:30]} 20. Rd3 Ne8 {[%emt 0:08:30]} 21. Rh3 {[%emt 0:04:00]} Bf6 {[%emt 0:01:30]} 22. Qc2 {[%emt 0:07:30]} h6 {[%emt 0:02:30]} 23. Rhe3 {[%emt 0:00:30]} Bxe5 24. Rxe5 {[%emt 0:00:30]} Nf6 {[%emt 0:00:00]} 25. h3 {[%emt 0:01:30]} Rd5 {[%emt 0:03:30]} 26. R5e2 {[%emt 0:00:00]} Qd6 {[%emt 0:00:30]} 1/2-1/2

[Event "41st Arco Open 2019"]
[Site "Arco"]
[Date "2019.10.09"]
[Round "6"]
[White "Sedina, Elena"]
[Black "Halkias, Stelios"]
[Result "0-1"]
[WhiteElo "2294"]
[BlackElo "2530"]
[Annotator "TA"]
[PlyCount "80"]
[EventDate "2019.10.04"]
[EventType "swiss"]
[EventCountry "ITA"]
[SourceTitle "playchess.com"]
[Source "ChessBase"]
[SourceQuality "1"]

{[%evp 18,118,20,17,19,0,0,-26,-25,-28,-25,-41,-14,-49,-53,-68,-66,-79,-72,-51,-38,-71,-56,-66,0,-49,-54,-49,-23,-40,-34,-26,-33,-60,-61,-52,-41,-36,-44,-150,-144,-197,-200,-291,-273,-269,-265,-467,-257,-850,-865,-1771,-554,-560,-566,-499,-332,-346,-338,-573,-540,-610,-589,-1299,-591,-570,-573,-555,-558,-528,-489,-806,-736,-784,-759,-1953,-1828,-1517,-926,-1949,-1902,-1731,-1511,-2360,-1809,-5037,-2502,-2816,-2037,-12841,-12841,-12841,-12841,-12842,-12843,-12843,-12843,-12844,-12844,-12845,-12845,-12845,-12846]} 1. e4 c5 2. Nf3 Nc6 3. Bb5 g6 4. O-O Bg7 5. Re1 Nf6 6. e5 Nd5 7. Nc3 Nc7 8. Bxc6 dxc6 9. Ne4 Ne6 10. d3 b6 {B31: Sicilian: 2...Nc6 3 Bb5 g6} (10... h6 11. Be3 b6 12. Qd2 Nd4 13. Nxd4 cxd4 14. Bf4 Be6 15. h4 a5 16. c4 Bf5 17. Rab1 c5 18. a3 {½-½ (35) Baklan,V (2605)-Deac,B (2598) Sovata 2018}) 11. c3 O-O 12. d4 cxd4 {Black has an edge.} 13. cxd4 Bb7 {aiming for ...c5.} 14. Qa4 $146 ({Predecessor:} 14. b3 Qd7 15. Bb2 Rfd8 16. Qe2 c5 17. dxc5 Nf4 18. Qe3 Qg4 19. g3 Nh3+ 20. Kg2 Rd3 {0-1 (20) Cabarkapa,N (2177)-Indjic,A (2373) Novi Sad 2011}) 14... h6 15. Bd2 Qd7 16. Bc3 Rfd8 17. h3 Qd5 18. Qa3 Bf8 19. b3 a5 20. Qb2 Ba6 ({Black should try} 20... Bg7 $15) 21. Qc2 c5 {[%cal Rc5d4]} 22. Rad1 $1 Qc6 {White must now prevent ...cxd4.} 23. dxc5 Rxd1 24. Qxd1 bxc5 25. Qc1 a4 26. bxa4 Qxa4 27. Bd2 Bb7 28. Nc3 (28. Nxc5 $15 Nxc5 29. Qxc5) 28... Qc4 $17 29. Re3 (29. a3 $17) 29... Rd8 $19 30. a3 (30. Qb2 {is a better defense.} Bc6 31. a4) 30... h5 31. Qb2 Bc6 32. Nb1 $2 (32. Be1 {was called for.}) 32... Bh6 (32... Bxf3 $142 33. Rxf3 Nd4) 33. Rc3 $2 (33. Qb3 Qa6 34. Re1 Bxf3 35. Bxh6) 33... Qe2 34. Rc2 Bxf3 (34... Qd1+ $142 35. Ne1 Bxd2 36. Rxd2 Qxe1+ 37. Kh2 Rxd2 38. Qxd2 Qxe5+ 39. Kg1 Qe4 $1 {[%mdl 576] Double Attack}) 35. Nc3 Qxe5 {( -> ...Rxd2)} 36. Bxh6 Bc6 {Strongly threatening ...g5.} ({Less strong is} 36... Qe1+ 37. Kh2 $19) 37. Re2 Qf6 {And now ...g5 would win.} 38. Qb6 $2 (38. Bc1) 38... Rd6 {Black is clearly winning.} 39. Qb8+ Kh7 40. Bd2 {[#]} Nd4 {Played: Rd6xd2} 0-1

[Event "41st Arco Open 2019"]
[Site "Arco"]
[Date "2019.10.09"]
[Round "6"]
[White "Zwahr, Paul"]
[Black "Schroeder, Wilfried"]
[Result "0-1"]
[WhiteElo "2282"]
[BlackElo "2195"]
[Annotator "ChessBase"]
[PlyCount "42"]
[EventDate "2019.10.04"]
[EventType "swiss"]
[EventCountry "ITA"]
[SourceTitle "playchess.com"]
[Source "ChessBase"]
[SourceQuality "1"]
[TimeControl "40/5400+30:1800+30"]

1. e4 {[%emt 0:00:30]} c6 {[%emt 0:00:30]} 2. d4 {[%emt 0:00:00]} d5 {[%emt 0:00:00]} 3. e5 {[%emt 0:00:00]} Bf5 {[%emt 0:00:00]} 4. Nf3 {[%emt 0:00:30]} e6 5. Be2 {[%emt 0:00:00]} Ne7 {[%emt 0:01:00]} 6. O-O Nd7 {[%emt 0:00:30]} 7. Nbd2 {[%emt 0:00:30]} c5 {[%emt 0:00:00]} 8. Nb3 Nc6 {[%emt 0:05:00]} 9. Bf4 {[%emt 0:28:00]} c4 {[%emt 0:04:30]} 10. Nc1 {[%emt 0:00:30]} Be7 {[%emt 0:00:30]} 11. Re1 {[%emt 0:07:30]} Nb4 {[%emt 0:35:30]} 12. g4 {[%emt 0:10:30]} Bg6 {[%emt 0:00:00]} 13. h4 {[%emt 0:10:30]} h6 14. h5 {[%emt 0:01:30]} Bh7 {[%emt 0:00:00]} 15. Rf1 Nxc2 {[%emt 0:00:00]} 16. Rb1 {[%emt 0:06:00]} Nxd4 {[%emt 0:00:00]} 17. Ra1 Nc2 {[%emt 0:05:00]} 18. Rb1 {[%emt 0:04:00]} Ne3 {[%emt 0:00:00]} 19. Bxe3 {[%emt 0:00:30]} Bxb1 {[%emt 0:00:00]} 20. Nd2 {[%emt 0:00:00]} Bh7 {[%emt 0:00:00]} 21. f4 {[%emt 0:00:00]} Bc5 {[%emt 0:08:00]} 0-1

[Event "41st Arco Open 2019"]
[Site "Arco"]
[Date "2019.10.09"]
[Round "6"]
[White "Bifulco, Michel"]
[Black "Medancic, Rikard"]
[Result "0-1"]
[WhiteElo "2261"]
[BlackElo "2146"]
[Annotator "ChessBase"]
[PlyCount "80"]
[EventDate "2019.10.04"]
[EventType "swiss"]
[EventCountry "ITA"]
[SourceTitle "playchess.com"]
[Source "ChessBase"]
[SourceQuality "1"]
[TimeControl "40/5400+30:1800+30"]

1. d4 {[%emt 0:00:30]} d5 {[%emt 0:00:30]} 2. Nf3 {[%emt 0:00:00]} Nf6 {[%emt 0:00:00]} 3. g3 {[%emt 0:00:00]} Bg4 {[%emt 0:03:00]} 4. Bg2 {[%emt 0:00:30]} e6 5. O-O {[%emt 0:00:00]} Be7 {[%emt 0:02:00]} 6. h3 {[%emt 0:00:00]} Bf5 {[%emt 0:00:30]} 7. c4 {[%emt 0:00:30]} c6 {[%emt 0:00:00]} 8. Nc3 {[%emt 0:04:30]} h6 {[%emt 0:00:00]} 9. Nd2 {[%emt 0:01:30]} Nbd7 {[%emt 0:01:30]} 10. e4 {[%emt 0:02:30]} dxe4 {[%emt 0:00:30]} 11. Ndxe4 {[%emt 0:00:00]} O-O {[%emt 0:02:30]} 12. Be3 {[%emt 0:01:00]} Nxe4 {[%emt 0:00:00]} 13. Nxe4 {[%emt 0:00:30]} Nf6 {[%emt 0:00:00]} 14. Nc3 {[%emt 0:00:30]} Qa5 {[%emt 0:06:30]} 15. a3 {[%emt 0:05:30]} Rac8 {[%emt 0:00:30]} 16. b4 {[%emt 0:00:00]} Qa6 {[%emt 0:00:30]} 17. Qe2 {[%emt 0:02:00]} Rfd8 {[%emt 0:01:30]} 18. Rfd1 {[%emt 0:03:30]} Rd7 {[%emt 0:13:30]} 19. Bf1 {[%emt 0:10:30]} b5 {[%emt 0:34:30]} 20. g4 {[%emt 0:16:30]} Bg6 {[%emt 0:00:30]} 21. d5 {[%emt 0:06:30]} cxd5 {[%emt 0:03:30]} 22. c5 {[%emt 0:17:30]} e5 {[%emt 0:02:30]} 23. Qxb5 {[%emt 0:00:00]} Qe6 {[%emt 0:00:30]} 24. Ra2 {[%emt 0:03:00]} Rdd8 {[%emt 0:10:55]} 25. f4 {[%emt 0:10:03]} exf4 {[%emt 0:01:22]} 26. Bxf4 {[%emt 0:00:14]} Nxg4 {[%emt 0:01:05]} 27. Re2 {[%emt 0:00:48]} Qf5 {[%emt 0:00:13]} 28. hxg4 {[%emt 0:05:54]} Qxf4 {[%emt 0:13:45]} 29. Bg2 {[%emt 0:08:21]} Bg5 {[%emt 0:00:00]} 30. Nxd5 {[%emt 0:00:00]} Qxg4 {[%emt 0:00:00]} 31. c6 {[%emt 0:01:37]} Bh5 {[%emt 0:03:00]} 32. c7 {[%emt 0:01:23]} Qxe2 {[%emt 0:00:00]} 33. Qxe2 {[%emt 0:00:00]} Bxe2 {[%emt 0:00:00]} 34. cxd8=Q+ {[%emt 0:00:56]} Rxd8 {[%emt 0:01:30]} 35. Re1 {[%emt 0:00:34]} Bc4 {[%emt 0:00:00]} 36. Ne7+ {[%emt 0:00:00]} Kf8 {[%emt 0:00:00]} 37. Nc6 {[%emt 0:00:31]} Rd3 {[%emt 0:01:17]} 38. Ne5 {[%emt 0:00:46]} Re3 {[%emt 0:00:00]} 39. Rc1 {[%emt 0:00:00]} Be6 {[%emt 0:00:00]} 40. Nc6 {[%emt 0:00:00]} Rxa3 {[%emt 0:00:00]} 0-1

[Event "41st Arco Open 2019"]
[Site "Arco"]
[Date "2019.10.09"]
[Round "6"]
[White "Curien, Nicolas"]
[Black "Beulertz, Stefan"]
[Result "1-0"]
[WhiteElo "2261"]
[BlackElo "2035"]
[Annotator "ChessBase"]
[PlyCount "113"]
[EventDate "2019.10.04"]
[EventType "swiss"]
[EventCountry "ITA"]
[SourceTitle "playchess.com"]
[Source "ChessBase"]
[SourceQuality "1"]
[TimeControl "40/5400+30:1800+30"]

1. d4 {[%emt 0:00:30]} e6 {[%emt 0:00:30]} 2. e4 {[%emt 0:00:30]} d5 {[%emt 0:00:00]} 3. Nc3 {[%emt 0:00:00]} a6 {[%emt 0:01:00]} 4. Nf3 {[%emt 0:03:00]} Nf6 5. Bd3 {[%emt 0:06:30]} c5 {[%emt 0:04:00]} 6. e5 {[%emt 0:12:30]} Nfd7 {[%emt 0:00:30]} 7. dxc5 {[%emt 0:01:30]} Nxc5 {[%emt 0:03:30]} 8. O-O Nc6 {[%emt 0:00:30]} 9. Re1 {[%emt 0:09:00]} Nxd3 {[%emt 0:02:30]} 10. Qxd3 {[%emt 0:00:30]} Be7 {[%emt 0:00:30]} 11. Ne2 {[%emt 0:00:30]} Bd7 12. Ned4 {[%emt 0:03:30]} Nb4 {[%emt 0:17:00]} 13. Qe2 {[%emt 0:00:00]} O-O {[%emt 0:04:30]} 14. c3 {[%emt 0:10:00]} Nc6 {[%emt 0:00:00]} 15. Bf4 {[%emt 0:01:30]} Rc8 {[%emt 0:02:00]} 16. Nxc6 {[%emt 0:01:30]} Bxc6 {[%emt 0:14:30]} 17. Nd4 {[%emt 0:00:30]} Bc5 {[%emt 0:00:00]} 18. Rad1 {[%emt 0:00:30]} Qh4 {[%emt 0:00:00]} 19. Bg3 {[%emt 0:07:30]} Qg5 {[%emt 0:02:30]} 20. h4 {[%emt 0:00:00]} Qg6 {[%emt 0:03:30]} 21. Bf4 {[%emt 0:04:00]} h6 {[%emt 0:12:30]} 22. Rd3 {[%emt 0:02:30]} Kh8 {[%emt 0:10:30]} 23. h5 {[%emt 0:00:30]} Qe4 {[%emt 0:00:00]} 24. Qd2 {[%emt 0:00:30]} Qh7 {[%emt 0:02:32]} 25. g4 Bxd4 {[%emt 0:00:30]} 26. Rxd4 {[%emt 0:04:00]} Bd7 27. Kg2 {[%emt 0:00:30]} f6 {[%emt 0:12:26]} 28. exf6 {[%emt 0:07:30]} gxf6 29. Bxh6 {[%emt 0:00:30]} Rg8 {[%emt 0:01:39]} 30. f3 e5 {[%emt 0:00:29]} 31. Rxd5 {[%emt 0:09:13]} Bc6 {[%emt 0:00:00]} 32. Be3 {[%emt 0:02:12]} Bxd5 {[%emt 0:03:08]} 33. Qxd5 {[%emt 0:10:11]} Rcd8 {[%emt 0:00:22]} 34. Qe6 {[%emt 0:00:00]} Rgf8 {[%emt 0:00:00]} 35. Kg3 {[%emt 0:00:00]} Qd7 {[%emt 0:03:44]} 36. Qb6 {[%emt 0:04:05]} Rf7 {[%emt 0:00:21]} 37. Qb3 {[%emt 0:00:00]} Qd5 {[%emt 0:00:00]} 38. Rd1 {[%emt 0:00:00]} Qxd1 {[%emt 0:01:49]} 39. Qxf7 {[%emt 0:02:37]} Qd6 {[%emt 0:00:48]} 40. Qxb7 {[%emt 0:01:11]} e4+ {[%emt 0:00:00]} 41. Kg2 {[%emt 0:05:31]} exf3+ {[%emt 0:02:42]} 42. Qxf3 {[%emt 0:02:30]} Qd5 {[%emt 0:22:19]} 43. Bd4 {[%emt 0:00:30]} Kg8 {[%emt 0:00:00]} 44. Qxd5+ Rxd5 {[%emt 0:00:00]} 45. Kf3 {[%emt 0:04:00]} Kf7 {[%emt 0:00:00]} 46. a4 {[%emt 0:04:02]} Ra5 {[%emt 0:00:00]} 47. b3 {[%emt 0:00:09]} Kg7 48. c4 {[%emt 0:03:14]} Rg5 {[%emt 0:00:00]} 49. b4 {[%emt 0:00:00]} Kf7 {[%emt 0:00:00]} 50. b5 {[%emt 0:01:01]} axb5 {[%emt 0:00:00]} 51. axb5 {[%emt 0:00:12]} f5 {[%emt 0:00:00]} 52. gxf5 {[%emt 0:01:29]} Rxf5+ {[%emt 0:00:00]} 53. Kg4 {[%emt 0:00:06]} Rf1 {[%emt 0:00:00]} 54. c5 {[%emt 0:00:38]} Rb1 {[%emt 0:00:00]} 55. Kf5 {[%emt 0:02:06]} Rxb5 56. h6 {[%emt 0:00:15]} Rb1 {[%emt 0:00:00]} 57. h7 {[%emt 0:00:30]} 1-0

[Event "41st Arco Open 2019"]
[Site "Arco"]
[Date "2019.10.09"]
[Round "6"]
[White "Dittmar, Peter"]
[Black "Klings, Peter"]
[Result "1/2-1/2"]
[WhiteElo "2253"]
[BlackElo "2116"]
[Annotator "ChessBase"]
[PlyCount "49"]
[EventDate "2019.10.04"]
[EventType "swiss"]
[EventCountry "ITA"]
[SourceTitle "playchess.com"]
[Source "ChessBase"]
[SourceQuality "1"]
[TimeControl "40/5400+30:1800+30"]

1. d4 {[%emt 0:00:30]} Nf6 {[%emt 0:00:30]} 2. c4 {[%emt 0:00:00]} c5 {[%emt 0:00:00]} 3. dxc5 {[%emt 0:00:00]} e6 {[%emt 0:03:00]} 4. Be3 {[%emt 0:00:30]} Na6 {[%emt 0:03:30]} 5. Nc3 {[%emt 0:01:30]} Nxc5 {[%emt 0:05:30]} 6. Qc2 {[%emt 0:14:30]} Be7 {[%emt 0:04:30]} 7. b4 {[%emt 0:00:00]} Na6 {[%emt 0:00:00]} 8. a3 b6 {[%emt 0:03:00]} 9. Nf3 {[%emt 0:00:00]} Bb7 {[%emt 0:00:30]} 10. Bd2 {[%emt 0:00:00]} Nc7 {[%emt 0:19:30]} 11. e3 {[%emt 0:02:30]} O-O {[%emt 0:00:00]} 12. Be2 {[%emt 0:02:30]} d5 {[%emt 0:03:00]} 13. O-O {[%emt 0:02:30]} dxc4 {[%emt 0:05:30]} 14. Bxc4 {[%emt 0:00:30]} Ncd5 {[%emt 0:00:00]} 15. Nxd5 {[%emt 0:24:30]} Bxd5 {[%emt 0:01:00]} 16. Bxd5 {[%emt 0:00:00]} Qxd5 {[%emt 0:01:30]} 17. Rfd1 {[%emt 0:00:00]} Rac8 {[%emt 0:10:30]} 18. Qa4 {[%emt 0:00:00]} Qb7 {[%emt 0:00:00]} 19. Rac1 {[%emt 0:00:00]} b5 {[%emt 0:03:00]} 20. Qb3 {[%emt 0:00:00]} Ne4 {[%emt 0:00:30]} 21. Be1 {[%emt 0:00:00]} Rxc1 {[%emt 0:02:30]} 22. Rxc1 {[%emt 0:18:30]} Rc8 {[%emt 0:00:30]} 23. Qb1 {[%emt 0:00:00]} Rxc1 {[%emt 0:00:30]} 24. Qxc1 {[%emt 0:00:00]} Bf6 {[%emt 0:04:30]} 25. h3 {[%emt 0:00:00]} 1/2-1/2

[Event "41st Arco Open 2019"]
[Site "Arco"]
[Date "2019.10.09"]
[Round "6"]
[White "Scheftlein, Richard"]
[Black "Heidel, Andre Nicolas"]
[Result "1/2-1/2"]
[WhiteElo "2236"]
[BlackElo "2140"]
[Annotator "ChessBase"]
[PlyCount "67"]
[EventDate "2019.10.04"]
[EventType "swiss"]
[EventCountry "ITA"]
[SourceTitle "playchess.com"]
[Source "ChessBase"]
[SourceQuality "1"]
[TimeControl "40/5400+30:1800+30"]

1. d4 {[%emt 0:00:30]} d5 {[%emt 0:07:30]} 2. c4 {[%emt 0:00:30]} c6 {[%emt 0:00:00]} 3. Nf3 {[%emt 0:00:00]} Nf6 {[%emt 0:00:00]} 4. e3 {[%emt 0:00:00]} Bf5 5. Nc3 {[%emt 0:00:30]} e6 {[%emt 0:00:00]} 6. Bd3 {[%emt 0:00:30]} Bxd3 {[%emt 0:00:30]} 7. Qxd3 {[%emt 0:00:30]} Nbd7 {[%emt 0:01:30]} 8. O-O Be7 {[%emt 0:01:30]} 9. e4 {[%emt 0:01:00]} dxe4 {[%emt 0:02:30]} 10. Nxe4 {[%emt 0:00:30]} Nxe4 {[%emt 0:00:30]} 11. Qxe4 {[%emt 0:00:00]} Nf6 {[%emt 0:00:00]} 12. Qe2 {[%emt 0:01:00]} O-O {[%emt 0:00:00]} 13. Bg5 {[%emt 0:12:30]} Re8 {[%emt 0:03:30]} 14. Rad1 {[%emt 0:00:00]} Nd7 {[%emt 0:02:30]} 15. Bxe7 {[%emt 0:00:00]} Qxe7 {[%emt 0:00:30]} 16. Rd3 {[%emt 0:00:00]} Nb6 {[%emt 0:00:00]} 17. b3 {[%emt 0:00:00]} Rad8 {[%emt 0:09:00]} 18. Rfd1 {[%emt 0:00:00]} Qf6 {[%emt 0:00:30]} 19. Ne5 {[%emt 0:00:00]} Rf8 {[%emt 0:03:30]} 20. Qh5 g6 {[%emt 0:05:30]} 21. Qh6 {[%emt 0:10:00]} Qg7 {[%emt 0:00:30]} 22. Qf4 {[%emt 0:00:30]} Nd7 {[%emt 0:00:00]} 23. Nf3 {[%emt 0:07:30]} f6 {[%emt 0:02:00]} 24. Re1 {[%emt 0:06:30]} Rfe8 {[%emt 0:31:30]} 25. Rde3 {[%emt 0:01:30]} Nf8 {[%emt 0:00:30]} 26. h4 {[%emt 0:02:30]} Re7 {[%emt 0:04:30]} 27. c5 {[%emt 0:33:30]} Red7 {[%emt 0:01:30]} 28. g4 {[%emt 0:00:00]} Rd5 {[%emt 0:05:07]} 29. g5 {[%emt 0:00:00]} fxg5 {[%emt 0:02:50]} 30. hxg5 {[%emt 0:00:00]} Rf5 31. Qg3 {[%emt 0:00:00]} Rdd5 {[%emt 0:04:22]} 32. Re5 Qf7 {[%emt 0:04:32]} 33. R1e3 {[%emt 0:00:00]} Qc7 {[%emt 0:00:00]} 34. b4 {[%emt 0:00:30]} 1/2-1/2

[Event "41st Arco Open 2019"]
[Site "Arco"]
[Date "2019.10.09"]
[Round "6"]
[White "Glienke, Manfred Dr."]
[Black "Horvath, Jozsef"]
[Result "1-0"]
[WhiteElo "2235"]
[BlackElo "2450"]
[Annotator "TA"]
[PlyCount "81"]
[EventDate "2019.10.04"]
[EventType "swiss"]
[EventCountry "ITA"]
[SourceTitle "playchess.com"]
[Source "ChessBase"]
[SourceQuality "1"]

{[%evp 11,81,22,27,15,31,0,0,-7,51,38,32,43,48,44,39,42,35,40,64,41,65,62,70,74,95,102,145,123,129,145,171,102,183,193,184,191,259,255,327,335,400,412,465,452,456,448,420,413,448,516,735,772,770,765,731,660,750,700,4974,2991,1674,484,567,484,1123,1054,12841,12842,29982,29981,29989,29990]} 1. d4 g6 2. e4 Bg7 3. Nf3 d6 4. Nc3 a6 5. a4 b6 6. Be3 Bb7 7. h3 {B06: Modern Defence} (7. Be2 c5 8. Qd2 cxd4 9. Nxd4 Nf6 10. f3 O-O 11. Bh6 Nbd7 12. h4 Nc5 13. h5 e5 14. hxg6 exd4 15. gxh7+ Kh8 16. Bxg7+ Kxg7 17. h8=Q+ Rxh8 18. Qg5+ {1-0 (18) Aleksandrov,A (2571)-Genba,V (2454) Minsk 2019}) 7... e6 8. Qd2 Nf6 9. Bd3 {The position is equal.} Nc6 $146 (9... O-O $11) ({Predecessor:} 9... O-O 10. Bh6 c5 11. Bxg7 Kxg7 12. e5 Ne8 13. Be4 d5 14. Bd3 {1-0 (94) Vujacic,B (2235)-Farkas,G (2366) Arad 2018}) 10. Bh6 Bxh6 11. Qxh6 Nb4 12. O-O Qe7 13. Rfe1 $36 {[%mdl 2048] White has some pressure.} Nxd3 14. cxd3 Qf8 15. Qh4 Qg7 16. e5 Nh5 17. Ne4 Bxe4 18. Qxe4 O-O 19. Rac1 dxe5 20. dxe5 ({Don't play} 20. Rxc7 $6 exd4 21. Nxd4 Qf6 $11) 20... c5 21. d4 ({Better is} 21. Qe3 $18) 21... Rab8 (21... cxd4 $16 22. Qxd4 (22. Nxd4 Qh6 $16) 22... Qh6) 22. dxc5 $18 bxc5 23. Rxc5 g5 {[#]} (23... Rxb2 $142 24. Qd4 Rb3) 24. g3 $1 h6 25. b4 f5 26. Qc4 Qd7 27. Nd4 Ng7 28. b5 axb5 29. axb5 {[%cal Ba4b5,Bb5b6,Bb6c7][%mdl 32]} f4 30. g4 f3 31. Rc7 Rfc8 32. b6 Rxc7 33. bxc7 Rc8 34. Rc1 Kf7 35. Nb5 Ne8 {[#]} 36. Kh2 (36. Nd6+ $142 $1 {[%mdl 512]} Nxd6 37. Qd3 {[%mdl 64] Double Attack, Pin}) 36... Qd2 37. Kg3 Ke7 (37... Qe2 $142 38. Qc5 Qe4) 38. Rc3 Qe2 39. Qc5+ Kf7 40. Nd6+ Nxd6 41. Qxd6 {Accuracy: White = 76%, Black = 38%.} 1-0